| 000 | 00750nam a2200241 a 4500 | ||
|---|---|---|---|
| 003 | CO-ViMGA | ||
| 005 | 20230915232211.0 | ||
| 008 | 080918s2007 sp gr 0001fdspa d | ||
| 020 | _a9789588763019 | ||
| 040 |
_aCO-ViMGA _bspa _cCO-ViMGA |
||
| 043 | _an-us--- | ||
| 082 | 0 | 4 |
_a813.5 _bP16e1 _221 |
| 100 | 1 |
_aPaolini, Christopher, _d1983-. _92332 |
|
| 245 | 1 | 0 |
_aEldest / _cChristopher Paolini ; traducción de Enrique de Hériz. |
| 250 | _a1a. ed. | ||
| 260 | 3 |
_aBarcelona : _bRocaeditorial, _c2012. |
|
| 300 |
_a831 p. : _bil. ; _c23 cm. |
||
| 650 | 1 | 4 |
_aDragones _v Novela. _92333 |
| 650 | 1 | 4 |
_aNovela estadounidense. _92233 |
| 650 | 6 |
_aNovela fantástica. _91292 |
|
| 700 | 1 |
_aHériz, Enrique de, _d1964-, _etr. _92334 |
|
| 942 |
_2ddc _cBK |
||
| 999 |
_c33773 _d33773 |
||